|
|
|
|
| LEADER |
01828nam a2200385 a 4500 |
| 001 |
33376 |
| 003 |
BD-DhAAL |
| 005 |
20220405142518.0 |
| 008 |
180717t2007 bg b 001 0 eng |
| 999 |
|
|
|c 39812
|d 39812
|
| 010 |
|
|
|a 2009311112
|
| 020 |
|
|
|a 9843000009120
|
| 025 |
|
|
|a B-E-2009-311112; 22
|
| 037 |
|
|
|b Library of Congress -- New Delhi Overseas Office
|c Tk400.00
|
| 040 |
|
|
|a DLC
|c DLC
|d DLC
|d BD-DhAAL
|
| 042 |
|
|
|a lcode
|
| 043 |
|
|
|a a-bg---
|
| 050 |
0 |
0 |
|a HC440.8.Z9
|b P6262 2007
|
| 082 |
|
|
|a 339.4607205492
|2 22
|
| 245 |
0 |
0 |
|a Researching poverty from the bottom up :
|b reflections on the experience of the Programme for Research on Poverty Alleviation, 1994-2002 /
|c edited by Hossain Zillur Rahman and Khondoker Shakhawat Ali.
|
| 260 |
|
|
|a Dhaka :
|b Grameen Trust ;
|b PPRC,
|c 2007.
|
| 300 |
|
|
|a xiii, 178 pages ;
|c 25 cm.
|
| 504 |
|
|
|a Includes bibliographical references and index.
|
| 526 |
|
|
|a ARC
|
| 541 |
|
|
|a Donated By Akbar Ali Khan
|e 33376, 38322
|
| 610 |
2 |
0 |
|a Programme for Research on Poverty Alleviation
|x Evaluation.
|9 27444
|
| 650 |
|
0 |
|a Poverty
|x Research
|z Bangladesh.
|9 27445
|
| 700 |
1 |
|
|a Rahman, Hossain Zillur,
|d 1951-
|9 27446
|
| 700 |
1 |
|
|a Ali, Khondoker Shakhawat.
|9 27447
|
| 710 |
2 |
|
|a Power and Participation Research Centre (Dhaka, Bangladesh)
|9 27448
|
| 710 |
2 |
|
|a Grameen Trust.
|9 27449
|
| 852 |
|
|
|a Department of Architecture
|c General Stacks
|
| 942 |
|
|
|2 ddc
|c BK
|
| 952 |
|
|
|0 0
|1 0
|2 ddc
|4 0
|6 339_460720549200000_RES
|7 0
|9 63847
|a BRACUL
|b BRACUL
|c GEN
|d 2018-07-17
|l 0
|o 339.4607205492 RES
|p 3010033376
|r 2018-07-17
|t 1
|w 2018-07-17
|y BK
|x Transferred from ARC to BRACUL on 28/12/2023
|
| 952 |
|
|
|0 0
|1 0
|2 ddc
|4 0
|6 339_460720549200000_RES
|7 1
|9 70392
|a BRACUL
|b BRACUL
|c AAKC
|d 2022-04-05
|e Donated by Akbar Ali Khan
|l 0
|o 339.4607205492 RES
|p 3010038322
|r 2022-04-05
|t 2
|w 2022-04-05
|y BK
|x Donated by Akbar Ali Khan
|